00450nam a2200157Ia 4500008004100000020001400041040001900055041001200074082002300086100002900109245007600138260002800214300002400242650000800266850001800274131103s9999 xx 000 0 und d a809100685 aLoreto College aEnglish aMIS/LAUbLCBED/208 aLaurello, Bartholomew J. aMinistering to the aging every christian's callcBartholomew J.Laurello aNew YorkbPaulistc1979 a88p.b pic.c 23cm. aMIS aLCBED/MIS/LAU